| 000 | 00507nam a22001697a 4500 | ||
|---|---|---|---|
| 005 | 20251108164811.0 | ||
| 008 | 250721s1981 xx 000 0 ara d | ||
| 082 | 1 | 4 | _a847/سمي |
| 100 | 1 | _aشيخاني، سمير | |
| 245 | 1 | 0 | _aظرفاء الفرنسيين / |
| 264 | 1 |
_aبيروت : _bمؤسسة عز الدين للطباعه والنشر، _c1981. |
|
| 300 | _a223ص. | ||
| 650 | 1 | 7 | _aالأدب الفرنسي |
| 650 | 1 | 7 | _aالفكاهة و النوادر |
| 942 |
_2ddc _cBK |
||
| 999 |
_c14670 _d14670 |
||